[Event "European Chess Club Cup 2023"]
[Site "Durres, Albania"]
[Date "2023.10.05"]
[Round "5.23"]
[White "Santos Latasa, Jaime"]
[Black "Haag, Gregor"]
[Result "1-0"]
[TimeControl "90' + 30' & 30\""]
[WhiteElo "2650"]
[BlackElo "2329"]

1. e4 {[%clk 01:30:56]} {[%emt 00:00:03]} c5 {[%clk 01:30:50]} {[%emt
00:00:10]} 2. Nf3 {[%clk 01:31:22]} {[%emt 00:00:05]} d6 {[%clk 01:31:08]}
{[%emt 00:00:11]} 3. d4 {[%clk 01:29:59]} {[%emt 00:01:53]} cxd4 {[%clk
01:31:29]} {[%emt 00:00:09]} 4. Nxd4 {[%clk 01:30:23]} {[%emt 00:00:07]} Nf6
{[%clk 01:31:54]} {[%emt 00:00:05]} 5. Nc3 {[%clk 01:30:49]} {[%emt 00:00:04]}
Nc6 {[%clk 01:31:51]} {[%emt 00:00:32]} 6. Bg5 {[%clk 01:31:09]} {[%emt
00:00:10]} e6 {[%clk 01:32:09]} {[%emt 00:00:12]} 7. Qd2 {[%clk 01:31:20]}
{[%emt 00:00:20]} a6 {[%clk 01:32:27]} {[%emt 00:00:12]} 8. O-O-O {[%clk
01:31:38]} {[%emt 00:00:11]} Bd7 {[%clk 01:32:38]} {[%emt 00:00:19]} 9. Kb1
{[%clk 01:31:52]} {[%emt 00:00:17]} Be7 {[%clk 01:29:07]} {[%emt 00:04:00]} 10.
f3 {[%clk 01:31:41]} {[%emt 00:00:41]} Nxd4 {[%clk 01:28:28]} {[%emt 00:01:08]}
11. Qxd4 {[%clk 01:29:20]} {[%emt 00:02:53]} Qc7 {[%clk 01:28:37]} {[%emt
00:00:21]} 12. Qd2 {[%clk 01:29:36]} {[%emt 00:00:13]} b5 {[%clk 01:27:36]}
{[%emt 00:01:31]} 13. Bd3 {[%clk 01:29:55]} {[%emt 00:00:12]} b4 {[%clk
01:12:53]} {[%emt 00:15:13]} 14. Ne2 {[%clk 01:30:20]} {[%emt 00:00:05]} a5
{[%clk 01:13:01]} {[%emt 00:00:22]} 15. c4 {[%clk 01:30:15]} {[%emt 00:00:34]}
bxc3 {[%clk 01:09:39]} {[%emt 00:03:53]} 16. Qxc3 {[%clk 01:28:23]} {[%emt
00:02:22]} Qb7 {[%clk 01:00:01]} {[%emt 00:10:08]} 17. Rc1 {[%clk 01:23:37]}
{[%emt 00:05:14]} O-O {[%clk 00:44:23]} {[%emt 00:16:09]} 18. Qc7 {[%clk
01:21:04]} {[%emt 00:03:03]} Ra7 {[%clk 00:42:45]} {[%emt 00:02:08]} 19. Qxb7
{[%clk 01:20:29]} {[%emt 00:01:05]} Rxb7 {[%clk 00:43:10]} {[%emt 00:00:05]} 20.
Nc3 {[%clk 01:11:24]} {[%emt 00:09:35]} Rfb8 {[%clk 00:34:27]} {[%emt
00:09:13]} 21. Rc2 {[%clk 01:11:11]} {[%emt 00:00:43]} h6 {[%clk 00:34:34]}
{[%emt 00:00:23]} 22. Be3 {[%clk 01:11:31]} {[%emt 00:00:10]} Ne8 {[%clk
00:33:04]} {[%emt 00:02:00]} 23. Rd1 {[%clk 00:54:04]} {[%emt 00:17:57]} Bf6
{[%clk 00:19:00]} {[%emt 00:14:34]} 24. Bc1 {[%clk 00:54:16]} {[%emt 00:00:17]}
g5 {[%clk 00:17:22]} {[%emt 00:02:09]} 25. Bf1 {[%clk 00:45:22]} {[%emt
00:09:23]} Kf8 {[%clk 00:12:35]} {[%emt 00:05:19]} 26. g3 {[%clk 00:41:22]}
{[%emt 00:04:30]} Ke7 {[%clk 00:10:21]} {[%emt 00:02:44]} 27. f4 {[%clk
00:40:06]} {[%emt 00:01:45]} Rc7 {[%clk 00:04:18]} {[%emt 00:06:33]} 28. Bd2
{[%clk 00:38:55]} {[%emt 00:01:40]} Bc6 {[%clk 00:02:09]} {[%emt 00:02:40]} 29.
Re1 {[%clk 00:38:04]} {[%emt 00:01:21]} gxf4 {[%clk 00:01:45]} {[%emt
00:00:54]} 30. gxf4 {[%clk 00:38:24]} {[%emt 00:00:10]} Bd4 {[%clk 00:01:14]}
{[%emt 00:01:01]} 31. Nd1 {[%clk 00:37:51]} {[%emt 00:01:02]} a4 {[%clk
00:00:42]} {[%emt 00:01:04]} 32. Ba5 {[%clk 00:37:43]} {[%emt 00:00:37]} Bb6
{[%clk 00:00:48]} {[%emt 00:00:24]} 33. Bxb6 {[%clk 00:37:21]} {[%emt
00:00:53]} Rxb6 {[%clk 00:01:16]} {[%emt 00:00:02]} 34. Nc3 {[%clk 00:37:38]}
{[%emt 00:00:12]} Kf8 {[%clk 00:00:46]} {[%emt 00:01:00]} 35. a3 {[%clk
00:36:36]} {[%emt 00:01:33]} Rcb7 {[%clk 00:00:46]} {[%emt 00:00:29]} 36. Rd1
{[%clk 00:36:38]} {[%emt 00:00:27]} Ke7 {[%clk 00:00:39]} {[%emt 00:00:38]} 37.
Rd4 {[%clk 00:36:44]} {[%emt 00:00:23]} Ra7 {[%clk 00:00:42]} {[%emt 00:00:28]}
38. Rb4 {[%clk 00:33:02]} {[%emt 00:04:12]} Rxb4 {[%clk 00:00:34]} {[%emt
00:00:38]} 39. axb4 {[%clk 00:33:28]} {[%emt 00:00:05]} Nf6 {[%clk 00:00:33]}
{[%emt 00:00:31]} 40. Bd3 {[%clk 00:31:03]} {[%emt 00:02:55]} Bd7 {[%clk
00:00:34]} {[%emt 00:00:28]} 41. Ka2 {[%clk 00:30:58]} {[%emt 00:00:35]} e5
{[%clk 00:12:19]} {[%emt 00:18:45]} 42. fxe5 {[%clk 01:00:09]} {[%emt
00:01:20]} dxe5 {[%clk 00:11:31]} {[%emt 00:01:17]} 43. Ka3 {[%clk 01:00:09]}
{[%emt 00:00:30]} Ne8 {[%clk 00:10:16]} {[%emt 00:01:45]} 44. b5 {[%clk
00:58:57]} {[%emt 00:01:43]} Nd6 {[%clk 00:06:56]} {[%emt 00:03:49]} 45. Rg2
{[%clk 00:56:09]} {[%emt 00:03:18]} Be6 {[%clk 00:04:44]} {[%emt 00:02:43]} 46.
Kb4 {[%clk 00:56:28]} {[%emt 00:00:10]} Rd7 {[%clk 00:03:15]} {[%emt 00:01:59]}
47. Nxa4 {[%clk 00:49:26]} {[%emt 00:07:33]} Nxe4 {[%clk 00:01:50]} {[%emt
00:01:54]} 48. Bxe4 {[%clk 00:49:34]} {[%emt 00:00:22]} Rd4+ {[%clk 00:02:17]}
{[%emt 00:00:04]} 49. Ka5 {[%clk 00:49:54]} {[%emt 00:00:10]} Rxe4 {[%clk
00:02:26]} {[%emt 00:00:21]} 50. b6 {[%clk 00:50:18]} {[%emt 00:00:06]} Bd5
{[%clk 00:02:04]} {[%emt 00:00:51]} 51. Rc2 {[%clk 00:50:21]} {[%emt 00:00:25]}
Kd6 {[%clk 00:01:20]} {[%emt 00:01:16]} 52. Nc3 {[%clk 00:50:32]} {[%emt
00:00:19]} 1-0

[Event "European Chess Club Cup 2023"]
[Site "Durres, Albania"]
[Date "2023.10.05"]
[Round "5.24"]
[White "Jaeggi, Dorian"]
[Black "Gurel, Ediz"]
[Result "0-1"]
[TimeControl "90' + 30' & 30\""]
[WhiteElo "2333"]
[BlackElo "2514"]

1. d4 {[%clk 01:30:57]} {[%emt 00:00:01]} Nf6 {[%clk 01:30:04]} {[%emt
00:00:57]} 2. c4 {[%clk 01:31:10]} {[%emt 00:00:17]} e6 {[%clk 01:29:49]}
{[%emt 00:00:45]} 3. Nf3 {[%clk 01:31:19]} {[%emt 00:00:20]} d5 {[%clk
01:28:49]} {[%emt 00:01:30]} 4. Nc3 {[%clk 01:31:17]} {[%emt 00:00:32]} c6
{[%clk 01:29:01]} {[%emt 00:00:18]} 5. e3 {[%clk 01:29:03]} {[%emt 00:02:45]}
Be7 {[%clk 01:27:38]} {[%emt 00:01:54]} 6. Qc2 {[%clk 01:27:38]} {[%emt
00:01:53]} O-O {[%clk 01:27:33]} {[%emt 00:00:36]} 7. Bd3 {[%clk 01:25:11]}
{[%emt 00:02:57]} dxc4 {[%clk 01:27:09]} {[%emt 00:00:54]} 8. Bxc4 {[%clk
01:25:33]} {[%emt 00:00:07]} c5 {[%clk 01:22:25]} {[%emt 00:05:15]} 9. O-O
{[%clk 01:25:22]} {[%emt 00:00:41]} Nc6 {[%clk 01:21:11]} {[%emt 00:01:44]} 10.
Rd1 {[%clk 01:19:19]} {[%emt 00:06:32]} cxd4 {[%clk 01:13:40]} {[%emt
00:08:02]} 11. exd4 {[%clk 01:18:37]} {[%emt 00:01:12]} Nb4 {[%clk 01:12:58]}
{[%emt 00:01:12]} 12. Qe2 {[%clk 01:18:52]} {[%emt 00:00:15]} b6 {[%clk
01:09:25]} {[%emt 00:04:04]} 13. Bg5 {[%clk 01:14:55]} {[%emt 00:04:26]} Bb7
{[%clk 01:08:58]} {[%emt 00:00:56]} 14. Ne5 {[%clk 01:14:07]} {[%emt 00:01:18]}
Nbd5 {[%clk 01:06:06]} {[%emt 00:03:23]} 15. Rac1 {[%clk 01:05:47]} {[%emt
00:08:49]} Nxc3 {[%clk 00:56:52]} {[%emt 00:09:45]} 16. bxc3 {[%clk 01:06:06]}
{[%emt 00:00:11]} Nd5 {[%clk 00:56:52]} {[%emt 00:00:30]} 17. Bxe7 {[%clk
01:05:38]} {[%emt 00:00:57]} Qxe7 {[%clk 00:57:17]} {[%emt 00:00:06]} 18. Bxd5
{[%clk 00:54:04]} {[%emt 00:12:04]} Bxd5 {[%clk 00:55:26]} {[%emt 00:02:21]} 19.
c4 {[%clk 00:54:27]} {[%emt 00:00:06]} Bb7 {[%clk 00:55:53]} {[%emt 00:00:04]}
20. c5 {[%clk 00:54:49]} {[%emt 00:00:07]} Bd5 {[%clk 00:52:10]} {[%emt
00:04:14]} 21. Rc3 {[%clk 00:49:55]} {[%emt 00:05:23]} Rac8 {[%clk 00:49:15]}
{[%emt 00:03:26]} 22. Rdc1 {[%clk 00:49:50]} {[%emt 00:00:34]} Rc7 {[%clk
00:45:40]} {[%emt 00:04:06]} 23. a3 {[%clk 00:47:53]} {[%emt 00:02:26]} bxc5
{[%clk 00:37:33]} {[%emt 00:08:38]} 24. dxc5 {[%clk 00:47:21]} {[%emt
00:01:01]} Qg5 {[%clk 00:35:37]} {[%emt 00:02:27]} 25. g3 {[%clk 00:47:19]}
{[%emt 00:00:32]} Rfc8 {[%clk 00:33:57]} {[%emt 00:02:10]} 26. Nd3 {[%clk
00:44:52]} {[%emt 00:02:57]} Qf5 {[%clk 00:30:40]} {[%emt 00:03:47]} 27. Nb4
{[%clk 00:44:32]} {[%emt 00:00:49]} Ba8 {[%clk 00:30:53]} {[%emt 00:00:17]} 28.
c6 {[%clk 00:43:42]} {[%emt 00:01:20]} h6 {[%clk 00:25:38]} {[%emt 00:05:47]}
29. Rc5 {[%clk 00:42:51]} {[%emt 00:01:19]} Qf6 {[%clk 00:25:27]} {[%emt
00:00:42]} 30. Qe5 {[%clk 00:33:33]} {[%emt 00:09:47]} Qxe5 {[%clk 00:17:27]}
{[%emt 00:08:31]} 31. Rxe5 {[%clk 00:33:55]} {[%emt 00:00:07]} Kf8 {[%clk
00:17:55]} {[%emt 00:00:03]} 32. Kf1 {[%clk 00:33:11]} {[%emt 00:01:13]} Bxc6
{[%clk 00:17:37]} {[%emt 00:00:49]} 33. Ke1 {[%clk 00:32:33]} {[%emt 00:01:08]}
Bf3 {[%clk 00:16:46]} {[%emt 00:01:21]} 34. Rxc7 {[%clk 00:32:48]} {[%emt
00:00:14]} Rxc7 {[%clk 00:17:13]} {[%emt 00:00:03]} 35. Kd2 {[%clk 00:33:05]}
{[%emt 00:00:12]} Ke7 {[%clk 00:16:55]} {[%emt 00:00:50]} 36. Ra5 {[%clk
00:33:20]} {[%emt 00:00:14]} g5 {[%clk 00:14:28]} {[%emt 00:02:57]} 37. Nc2
{[%clk 00:33:30]} {[%emt 00:00:20]} Rb7 {[%clk 00:11:08]} {[%emt 00:03:51]} 38.
Nd4 {[%clk 00:33:44]} {[%emt 00:00:15]} Bg2 {[%clk 00:11:24]} {[%emt 00:00:15]}
39. f3 {[%clk 00:33:28]} {[%emt 00:00:45]} Kf6 {[%clk 00:07:23]} {[%emt
00:04:31]} 40. Ke2 {[%clk 00:32:16]} {[%emt 00:01:42]} Rb2+ {[%clk 00:06:15]}
{[%emt 00:01:38]} 41. Ke3 {[%clk 00:32:37]} {[%emt 00:00:09]} Bf1 {[%clk
00:05:42]} {[%emt 00:01:03]} 42. f4 {[%clk 00:32:06]} {[%emt 00:01:00]} gxf4+
{[%clk 00:02:39]} {[%emt 00:03:35]} 43. gxf4 {[%clk 00:32:15]} {[%emt
00:00:20]} a6 {[%clk 00:27:36]} {[%emt 00:05:33]} 44. Rh5 {[%clk 01:00:03]}
{[%emt 00:02:41]} Kg6 {[%clk 00:26:01]} {[%emt 00:02:07]} 45. Rh4 {[%clk
01:00:23]} {[%emt 00:00:09]} Ra2 {[%clk 00:25:23]} {[%emt 00:01:09]} 46. Nf3
{[%clk 01:00:26]} {[%emt 00:00:26]} Rxa3+ {[%clk 00:24:14]} {[%emt 00:01:40]}
47. Kf2 {[%clk 01:00:47]} {[%emt 00:00:08]} Bd3 {[%clk 00:24:34]} {[%emt
00:00:11]} 48. Rh3 {[%clk 00:57:29]} {[%emt 00:03:48]} Ra2+ {[%clk 00:24:44]}
{[%emt 00:00:21]} 49. Ke3 {[%clk 00:56:57]} {[%emt 00:01:01]} Bf5 {[%clk
00:25:09]} {[%emt 00:00:05]} 50. Rg3+ {[%clk 00:57:20]} {[%emt 00:00:06]} Kf6
{[%clk 00:25:32]} {[%emt 00:00:07]} 51. Rg8 {[%clk 00:57:43]} {[%emt 00:00:06]}
a5 {[%clk 00:25:07]} {[%emt 00:00:56]} 52. Ra8 {[%clk 00:57:55]} {[%emt
00:00:18]} Ra3+ {[%clk 00:25:32]} {[%emt 00:00:05]} 0-1

[Event "European Chess Club Cup 2023"]
[Site "Durres, Albania"]
[Date "2023.10.05"]
[Round "5.25"]
[White "Michalik, Peter"]
[Black "Nihal, Sarin"]
[Result "1/2-1/2"]
[TimeControl "90' + 30' & 30\""]
[WhiteElo "2576"]
[BlackElo "2694"]

1. d4 {[%clk 01:30:58]} {[%emt 00:00:01]} Nf6 {[%clk 01:24:44]} {[%emt
00:06:16]} 2. c4 {[%clk 01:31:20]} {[%emt 00:00:08]} e6 {[%clk 01:25:11]}
{[%emt 00:00:03]} 3. Nf3 {[%clk 01:31:43]} {[%emt 00:00:07]} d5 {[%clk
01:25:38]} {[%emt 00:00:04]} 4. Nc3 {[%clk 01:32:06]} {[%emt 00:00:06]} c6
{[%clk 01:26:05]} {[%emt 00:00:03]} 5. e3 {[%clk 01:32:14]} {[%emt 00:00:21]}
Nbd7 {[%clk 01:26:31]} {[%emt 00:00:06]} 6. Qc2 {[%clk 01:32:37]} {[%emt
00:00:06]} b6 {[%clk 01:26:49]} {[%emt 00:00:12]} 7. cxd5 {[%clk 01:29:46]}
{[%emt 00:03:21]} cxd5 {[%clk 01:26:45]} {[%emt 00:00:34]} 8. Nb5 {[%clk
01:29:08]} {[%emt 00:01:07]} Bb4+ {[%clk 01:26:57]} {[%emt 00:00:18]} 9. Bd2
{[%clk 01:29:32]} {[%emt 00:00:05]} Bxd2+ {[%clk 01:27:23]} {[%emt 00:00:06]}
10. Nxd2 {[%clk 01:28:21]} {[%emt 00:01:42]} O-O {[%clk 01:26:44]} {[%emt
00:01:08]} 11. Qc7 {[%clk 01:28:37]} {[%emt 00:00:15]} a6 {[%clk 01:23:46]}
{[%emt 00:03:28]} 12. Qxd8 {[%clk 01:28:21]} {[%emt 00:00:45]} Rxd8 {[%clk
01:24:10]} {[%emt 00:00:06]} 13. Nc3 {[%clk 01:28:13]} {[%emt 00:00:38]} Bb7
{[%clk 01:24:12]} {[%emt 00:00:28]} 14. Be2 {[%clk 01:27:56]} {[%emt 00:00:47]}
Kf8 {[%clk 01:24:24]} {[%emt 00:00:18]} 15. O-O {[%clk 01:28:07]} {[%emt
00:00:18]} Ne8 {[%clk 01:23:21]} {[%emt 00:01:33]} 16. Rfc1 {[%clk 01:28:02]}
{[%emt 00:00:37]} Nd6 {[%clk 01:23:09]} {[%emt 00:00:41]} 17. Rc2 {[%clk
01:27:19]} {[%emt 00:01:13]} Ke7 {[%clk 01:23:10]} {[%emt 00:00:30]} 18. Rac1
{[%clk 01:27:42]} {[%emt 00:00:07]} Rdc8 {[%clk 01:23:23]} {[%emt 00:00:16]} 19.
Ncb1 {[%clk 01:22:20]} {[%emt 00:05:52]} Rxc2 {[%clk 01:23:34]} {[%emt
00:00:19]} 20. Rxc2 {[%clk 01:22:46]} {[%emt 00:00:04]} g5 {[%clk 01:23:30]}
{[%emt 00:00:33]} 21. a4 {[%clk 01:19:14]} {[%emt 00:04:03]} b5 {[%clk
01:20:31]} {[%emt 00:03:29]} 22. Nc3 {[%clk 01:12:45]} {[%emt 00:06:59]} b4
{[%clk 01:05:07]} {[%emt 00:15:54]} 23. Na2 {[%clk 01:11:09]} {[%emt 00:02:06]}
a5 {[%clk 01:05:22]} {[%emt 00:00:15]} 24. Nc1 {[%clk 01:11:33]} {[%emt
00:00:06]} Nb6 {[%clk 01:01:12]} {[%emt 00:04:40]} 25. b3 {[%clk 01:11:56]}
{[%emt 00:00:07]} Rc8 {[%clk 01:01:39]} {[%emt 00:00:03]} 26. Rxc8 {[%clk
01:10:26]} {[%emt 00:02:00]} Bxc8 {[%clk 01:01:53]} {[%emt 00:00:16]} 27. f3
{[%clk 01:10:26]} {[%emt 00:00:30]} f6 {[%clk 01:01:19]} {[%emt 00:01:02]} 28.
Bd3 {[%clk 01:06:23]} {[%emt 00:04:34]} h6 {[%clk 01:00:40]} {[%emt 00:01:08]}
29. f4 {[%clk 01:01:45]} {[%emt 00:05:09]} Bd7 {[%clk 00:52:12]} {[%emt
00:08:58]} 30. Kf2 {[%clk 00:58:06]} {[%emt 00:04:10]} Be8 {[%clk 00:51:46]}
{[%emt 00:00:56]} 31. Ne2 {[%clk 00:57:53]} {[%emt 00:00:43]} Bxa4 {[%clk
00:39:08]} {[%emt 00:13:08]} 32. bxa4 {[%clk 00:58:14]} {[%emt 00:00:08]} Nxa4
{[%clk 00:39:34]} {[%emt 00:00:04]} 33. Nb3 {[%clk 00:54:32]} {[%emt 00:04:13]}
Nb2 {[%clk 00:39:11]} {[%emt 00:00:53]} 34. Bc2 {[%clk 00:54:46]} {[%emt
00:00:16]} a4 {[%clk 00:36:57]} {[%emt 00:02:43]} 35. Nc5 {[%clk 00:55:08]}
{[%emt 00:00:09]} b3 {[%clk 00:36:17]} {[%emt 00:01:10]} 36. Nxa4 {[%clk
00:51:47]} {[%emt 00:03:51]} Nxa4 {[%clk 00:35:50]} {[%emt 00:00:57]} 37. Bxb3
{[%clk 00:52:12]} {[%emt 00:00:05]} Nb2 {[%clk 00:34:24]} {[%emt 00:01:55]} 38.
Bc2 {[%clk 00:52:33]} {[%emt 00:00:10]} Nb5 {[%clk 00:29:35]} {[%emt 00:05:19]}
39. Ke1 {[%clk 00:48:28]} {[%emt 00:04:35]} f5 {[%clk 00:29:08]} {[%emt
00:00:57]} 40. fxg5 {[%clk 00:46:59]} {[%emt 00:01:59]} hxg5 {[%clk 00:29:17]}
{[%emt 00:00:21]} 41. g3 {[%clk 00:46:56]} {[%emt 00:00:33]} Nc4 {[%clk
00:24:41]} {[%emt 00:05:06]} 42. Bd3 {[%clk 00:45:33]} {[%emt 00:01:53]} g4
{[%clk 00:24:53]} {[%emt 00:00:18]} 43. Kf2 {[%clk 00:39:11]} {[%emt 00:06:52]}
Nbd6 {[%clk 00:20:52]} {[%emt 00:04:31]} 44. Nf4 {[%clk 00:39:17]} {[%emt
00:00:23]} Ne8 {[%clk 00:21:16]} {[%emt 00:00:07]} 45. h4 {[%clk 00:37:00]}
{[%emt 00:02:46]} gxh3 {[%clk 00:21:35]} {[%emt 00:00:12]} 46. Nxh3 {[%clk
00:37:24]} {[%emt 00:00:05]} Nf6 {[%clk 00:21:53]} {[%emt 00:00:11]} 47. Ke2
{[%clk 00:37:13]} {[%emt 00:00:42]} Nd6 {[%clk 00:17:54]} {[%emt 00:04:29]} 48.
Nf4 {[%clk 00:36:22]} {[%emt 00:01:21]} Nf7 {[%clk 00:18:15]} {[%emt 00:00:09]}
49. Nh3 {[%clk 00:36:02]} {[%emt 00:00:50]} Kd6 {[%clk 00:18:37]} {[%emt
00:00:09]} 50. Kf3 {[%clk 00:36:06]} {[%emt 00:00:25]} Kc6 {[%clk 00:18:33]}
{[%emt 00:00:34]} 51. Kf4 {[%clk 00:35:42]} {[%emt 00:00:54]} Nh5+ {[%clk
00:18:58]} {[%emt 00:00:06]} 52. Kf3 {[%clk 00:36:07]} {[%emt 00:00:04]} Nf6
{[%clk 00:19:25]} {[%emt 00:00:03]} 1/2-1/2

[Event "European Chess Club Cup 2023"]
[Site "Durres, Albania"]
[Date "2023.10.05"]
[Round "5.26"]
[White "Volokitin, Andrei"]
[Black "Laurusas, Tomas"]
[Result "1/2-1/2"]
[TimeControl "90' + 30' & 30\""]
[WhiteElo "2664"]
[BlackElo "2547"]

1. e4 {[%clk 01:30:58]} {[%emt 00:00:01]} e5 {[%clk 01:29:44]} {[%emt
00:01:09]} 2. Nf3 {[%clk 01:31:22]} {[%emt 00:00:13]} Nf6 {[%clk 01:30:09]}
{[%emt 00:00:06]} 3. Nxe5 {[%clk 01:31:40]} {[%emt 00:00:11]} d6 {[%clk
01:30:33]} {[%emt 00:00:07]} 4. Nf3 {[%clk 01:32:06]} {[%emt 00:00:04]} Nxe4
{[%clk 01:30:58]} {[%emt 00:00:05]} 5. d4 {[%clk 01:32:24]} {[%emt 00:00:11]}
d5 {[%clk 01:31:18]} {[%emt 00:00:10]} 6. Bd3 {[%clk 01:32:48]} {[%emt
00:00:06]} Nc6 {[%clk 01:31:43]} {[%emt 00:00:06]} 7. O-O {[%clk 01:33:08]}
{[%emt 00:00:10]} Be7 {[%clk 01:31:59]} {[%emt 00:00:14]} 8. Nbd2 {[%clk
01:33:26]} {[%emt 00:00:11]} Bf5 {[%clk 01:32:21]} {[%emt 00:00:09]} 9. Re1
{[%clk 01:33:41]} {[%emt 00:00:15]} Nxd2 {[%clk 01:32:38]} {[%emt 00:00:12]} 10.
Qxd2 {[%clk 01:34:03]} {[%emt 00:00:08]} Bxd3 {[%clk 01:33:04]} {[%emt
00:00:04]} 11. Qxd3 {[%clk 01:34:28]} {[%emt 00:00:05]} O-O {[%clk 01:33:26]}
{[%emt 00:00:08]} 12. c3 {[%clk 01:34:52]} {[%emt 00:00:06]} h6 {[%clk
01:33:53]} {[%emt 00:00:04]} 13. Bf4 {[%clk 01:35:07]} {[%emt 00:00:13]} Bd6
{[%clk 01:31:42]} {[%emt 00:02:42]} 14. Be5 {[%clk 01:35:27]} {[%emt 00:00:11]}
Qd7 {[%clk 01:25:36]} {[%emt 00:06:36]} 15. Re2 {[%clk 01:35:39]} {[%emt
00:00:17]} Rfe8 {[%clk 01:20:04]} {[%emt 00:06:02]} 16. Rae1 {[%clk 01:35:55]}
{[%emt 00:00:14]} a6 {[%clk 01:14:30]} {[%emt 00:06:04]} 17. g3 {[%clk
01:22:16]} {[%emt 00:14:09]} Bf8 {[%clk 01:04:34]} {[%emt 00:10:27]} 18. Bf4
{[%clk 01:00:02]} {[%emt 00:22:44]} Rxe2 {[%clk 01:02:52]} 19. Qxe2 {[%clk
01:00:22]} {[%emt 00:02:21]} Rc8 {[%clk 00:51:09]} {[%emt 00:12:13]} 20. h4
{[%clk 00:57:36]} {[%emt 00:03:17]} Qf5 {[%clk 00:49:19]} {[%emt 00:02:20]} 21.
Kg2 {[%clk 00:55:59]} {[%emt 00:02:06]} Ne7 {[%clk 00:39:24]} {[%emt 00:10:26]}
22. Ne5 {[%clk 00:25:10]} {[%emt 00:31:18]} Ng6 {[%clk 00:39:25]} {[%emt
00:00:30]} 23. Nd3 {[%clk 00:18:56]} {[%emt 00:06:44]} h5 {[%clk 00:34:24]}
{[%emt 00:05:31]} 24. Qf3 {[%clk 00:18:11]} {[%emt 00:01:15]} c6 {[%clk
00:33:42]} {[%emt 00:01:12]} 25. a4 {[%clk 00:17:08]} {[%emt 00:01:33]} f6
{[%clk 00:25:59]} {[%emt 00:08:13]} 26. a5 {[%clk 00:08:42]} {[%emt 00:08:56]}
Kf7 {[%clk 00:26:08]} {[%emt 00:00:21]} 27. Qe2 {[%clk 00:08:11]} {[%emt
00:01:01]} Be7 {[%clk 00:23:41]} {[%emt 00:02:56]} 28. b3 {[%clk 00:05:34]}
{[%emt 00:03:07]} Bf8 {[%clk 00:23:44]} {[%emt 00:00:27]} 29. Qf3 {[%clk
00:05:17]} {[%emt 00:00:47]} Be7 {[%clk 00:21:43]} {[%emt 00:02:31]} 30. Qe2
{[%clk 00:04:16]} {[%emt 00:01:30]} Bf8 {[%clk 00:22:02]} {[%emt 00:00:12]} 31.
Bc1 {[%clk 00:03:27]} {[%emt 00:01:19]} Rd8 {[%clk 00:21:56]} {[%emt 00:00:37]}
32. Qf3 {[%clk 00:03:29]} {[%emt 00:00:28]} Qxf3+ {[%clk 00:21:55]} {[%emt
00:00:31]} 33. Kxf3 {[%clk 00:03:57]} {[%emt 00:00:02]} Bd6 {[%clk 00:22:09]}
{[%emt 00:00:15]} 34. Re2 {[%clk 00:02:47]} {[%emt 00:01:40]} Nf8 {[%clk
00:19:38]} {[%emt 00:03:01]} 35. Bf4 {[%clk 00:03:01]} {[%emt 00:00:16]} Ne6
{[%clk 00:19:54]} {[%emt 00:00:14]} 36. Bxd6 {[%clk 00:03:12]} {[%emt
00:00:19]} Rxd6 {[%clk 00:20:17]} {[%emt 00:00:08]} 37. Nf4 {[%clk 00:01:27]}
{[%emt 00:02:15]} Nxf4 {[%clk 00:19:27]} {[%emt 00:01:19]} 38. Kxf4 {[%clk
00:01:56]} {[%emt 00:00:02]} Rd8 {[%clk 00:18:26]} {[%emt 00:01:31]} 39. f3
{[%clk 00:01:54]} {[%emt 00:00:32]} Rc8 {[%clk 00:17:33]} {[%emt 00:01:22]} 40.
b4 {[%clk 00:01:06]} {[%emt 00:01:18]} Rh8 {[%clk 00:17:44]} {[%emt 00:00:20]}
41. Kf5 {[%clk 00:28:24]} {[%emt 00:03:11]} g6+ {[%clk 00:41:07]} {[%emt
00:07:07]} 42. Kf4 {[%clk 00:28:53]} {[%emt 00:00:01]} Rh7 {[%clk 00:41:09]}
{[%emt 00:00:29]} 43. Re1 {[%clk 00:27:01]} {[%emt 00:02:21]} 1/2-1/2